|
|
|
|
| LEADER |
01262nam a2200361Ia 4500 |
| 001 |
EBC1026868 |
| 003 |
MiAaPQ |
| 005 |
20200520144314.0 |
| 006 |
m o d | |
| 007 |
cr cn||||||||| |
| 008 |
120622t20122013flu s 000 0 eng d |
| 010 |
|
|
|z 2012025211
|
| 020 |
|
|
|z 9781466510739 (hbk. : alk. paper)
|
| 020 |
|
|
|z 9781466510746
|
| 035 |
|
|
|a (MiAaPQ)EBC1026868
|
| 035 |
|
|
|a (Au-PeEL)EBL1026868
|
| 035 |
|
|
|a (CaPaEBR)ebr10603112
|
| 035 |
|
|
|a (CaONFJC)MIL692965
|
| 035 |
|
|
|a (OCoLC)811507251
|
| 040 |
|
|
|a MiAaPQ
|c MiAaPQ
|d MiAaPQ
|
| 050 |
|
4 |
|a HD56
|b .B588 2012
|
| 082 |
0 |
4 |
|a 658.5/03
|2 23
|
| 100 |
1 |
|
|a Blank, Ronald.
|
| 245 |
1 |
0 |
|a Cross-functional productivity improvement
|h [electronic resource] /
|c Ronald Blank.
|
| 260 |
|
|
|a Boca Raton, FL :
|b CRC Press,
|c 2012, c2013.
|
| 300 |
|
|
|a xvii, 147 p.
|
| 533 |
|
|
|a Electronic reproduction. Ann Arbor, MI : ProQuest, 2015. Available via World Wide Web. Access may be limited to ProQuest affiliated libraries.
|
| 650 |
|
0 |
|a Industrial productivity.
|
| 650 |
|
0 |
|a Production management.
|
| 650 |
|
0 |
|a Industrial management.
|
| 655 |
|
4 |
|a Electronic books.
|
| 710 |
2 |
|
|a ProQuest (Firm)
|
| 856 |
4 |
0 |
|u https://ebookcentral.proquest.com/lib/matrademy/detail.action?docID=1026868
|z Click to View
|